British History by Letter - Q - Statistics

General Stats
  • This quiz has been taken 455 times
  • The average score is 4 of 5
Answer Stats
Hint Answer % Correct
Middle-eastern country, formally a British protectorate Qatar
92%
Chinese dynasty that ceded Hong Kong to the United Kingdom Qing Dynasty
84%
Epithet of Mary Stuart Queen of Scots
72%
New France colony ceded to Great Britain following the Seven Years' War Quebec
64%
Code for then generally accepted rules in the sport of boxing, drafted in 1865 Queensbury Rules
39%
No matching quizzes found
Score Distribution
Percent of People with Each Score
Percentile by Number Answered
Your Score History
You have not taken this quiz